Emocions en dansa : (Registre núm. 137436)

MARC details
000 -CABECERA
campo de control de longitud fija 03518nam a22003854i 4500
001 - NÚMERO DE CONTROL
campo de control 991061742329706706
003 - IDENTIFICADOR DEL NÚMERO DE CONTROL
campo de control ES-BaIT
005 - FECHA Y HORA DE LA ÚLTIMA TRANSACCIÓN
campo de control 20260507151042.0
008 - DATOS DE LONGITUD FIJA--INFORMACIÓN GENERAL
campo de control de longitud fija 260430s2025 spcao|||r|||||00| 0dcat|c
017 ## - NÚMERO DE COPYRIGHT O DE DEPÓSITO LEGAL
Número de copyright o de depósito legal DL B. 22194-2025
Agencia que asigna Biblioteca de Catalunya
020 ## - NÚMERO INTERNACIONAL ESTÁNDAR DEL LIBRO
Número Internacional Estándar del Libro 9788409788651
Información calificativa (Rústica)
040 ## - FUENTE DE LA CATALOGACIÓN
Centro catalogador/agencia de origen ES-TaURV
Lengua de catalogación cat
Normas de descripción rda
Centro/agencia transcriptor ES-TaURV
100 1# - ENTRADA PRINCIPAL--NOMBRE DE PERSONA
Nombre de persona Calduch Ramos, Lluís
Término indicativo de función/relación entrevistat
9 (RLIN) 169446
245 10 - MENCIÓN DE TÍTULO
Título Emocions en dansa :
Resto del título converses amb Lluís Calduch Ramos /
Mención de responsabilidad, etc. Josep Maria Fuentes Ros
264 #1 - PRODUCCIÓN, PUBLICACIÓN, DISTRIBUCIÓN, FABRICACIÓN Y COPYRIGHT
Producción, publicación, distribución, fabricación y copyright Barcelona :
Nombre del de productor, editor, distribuidor, fabricante Esbart Ciutat Comtal,
Fecha de producción, publicación, distribución, fabricación o copyright 2025
300 ## - DESCRIPCIÓN FÍSICA
Extensión 297 pàgines :
Otras características físicas il·lustracions, fotografies en color ;
Dimensiones 21 cm
336 ## - TIPO DE CONTENIDO
Término de tipo de contenido text
Código de tipo de contenido txt
Fuente rdacontent
337 ## - TIPO DE MEDIO
Nombre/término del tipo de medio sense mediació
Código del tipo de medio n
Fuente rdamedia
338 ## - TIPO DE SOPORTE
Nombre/término del tipo de soporte volum
Código del tipo de soporte nc
Fuente rdacarrier
490 1# - MENCIÓN DE SERIE
Mención de serie Creació en la dansa d'arrel
504 ## - NOTA DE BIBLIOGRAFÍA, ETC.
Nota de bibliografía, etc. Índexs onomàstic, de col·lectius i d'arranjaments i coreografies
505 8# - NOTA DE CONTENIDO CON FORMATO
Nota de contenido con formato 1981-1995: Dels inicis al ball francès ; Danses de l'Ebre ; Variacions d'Alentorn ; Ball de valencians ; Bolero de Castelló ; Ball de Rams d'Hostafrancs, Pola d'Hostafrancs --- 1995-1998: Quartet ; Viatge ; La marxa ; Veu i moviment , Temporània ; Sortilegis -- 1998-2004: La memòria dels cargols ; Tocs de cobla ;Tonades de Balancí ; De mica en mica ; Bolero de Torreblanca ; Una follia de La Franja ; Històries de Catalunya ; Aniversari de Cotxeres, Casinet ; Som de mar, Terrena -- 2005-2010: Laberint ; Des d'ara ; Fragments d'estima ; Cants i danses del Llibre vermell de Montserrat ; Alè d'esperança ; Trackonze ; Comte Arnau ;Homenatge al mestre Toldrà -- 2012-2016: Vals per un amic, Dansa per a una rosa ; Eulàlia, la poesia de la història de Santa Eulàlia ; Clavellinera ; Òrbit ; Coses de Palamós -- 2019-2023: Balla ; Vida i miracles d'una ginestera ; Trenta-vuitè batec ; Segum bategant ; De dansaire a director ; L'esbart, generador de vida, emocions i sentiments ; De dansa i de vida ; Nomenclàtor
520 ## - SUMARIO, ETC.
Sumario, etc. "El llibre recull gairebé trenta hores de converses entre Josep Maria Fuentes i Lluís Calduch Ramos, figura clau en la renovació de la dansa catalana d’arrel. A través d’aquest diàleg profund, l’obra ofereix una mirada íntima i documentada sobre la creació coreogràfica, la relació amb la música i el vestuari, la posada en escena i el paper de la dansa com a expressió de la identitat col·lectiva.Emocions en dansa és, alhora, una reflexió sobre el paper dels esbarts dansaires en la societat contemporània i un homenatge al treball col·lectiu i la passió de generacions que han mantingut viva la cultura popular. A la vegada, l’obra posa en valor el recorregut creatiu de Calduch i el vincula amb la tasca de l’Esbart Ciutat Comtal —fundat el 1959—, entitat referent que ha sabut conjugar la tradició i la recerca escènica, guardonada amb la Medalla d’Honor de la Ciutat de Barcelona i el Premi Ciutat de Barcelona (2013 i 2024)" -- onallibres.cat
600 17 - PUNTO DE ACCESO ADICIONAL DE MATERIA--NOMBRE DE PERSONA
Nombre de persona Calduch Ramos, Lluís
Subdivisión general Intervius
Fuente del encabezamiento o término lemac
9 (RLIN) 169447
610 27 - PUNTO DE ACCESO ADICIONAL DE MATERIA--NOMBRE DE ENTIDAD CORPORATIVA
Nombre de entidad corporativa o nombre de jurisdicción como elemento de entrada Esbart Ciutat Comtal
Subdivisión general Història
Fuente del encabezamiento o término lemac
9 (RLIN) 124597
650 #7 - PUNTO DE ACCESO ADICIONAL DE MATERIA--TÉRMINO DE MATERIA
Término de materia o nombre geográfico como elemento de entrada Esbarts
Subdivisión geográfica Catalunya
-- Barcelona
Fuente del encabezamiento o término lemac
9 (RLIN) 169448
650 #4 - PUNTO DE ACCESO ADICIONAL DE MATERIA--TÉRMINO DE MATERIA
Término de materia o nombre geográfico como elemento de entrada Coreògrafs de danses populars i nacionals
Subdivisión geográfica Catalunya
9 (RLIN) 169449
650 #7 - PUNTO DE ACCESO ADICIONAL DE MATERIA--TÉRMINO DE MATERIA
Término de materia o nombre geográfico como elemento de entrada Danses populars i nacionals catalanes
9 (RLIN) 56631
Subdivisión de forma lemac
700 1# - ENTRADA AGREGADA--NOMBRE PERSONAL
Nombre de persona Fuentes Ros, Josep
Término indicativo de función/relación entrevistador
9 (RLIN) 169450
710 2# - ENTRADA AGREGADA--NOMBRE DE ENTIDAD CORPORATIVA
Nombre de entidad corporativa o nombre de jurisdicción como elemento de entrada Esbart Ciutat Comtal
Término indicativo de función/relación entitat editora
9 (RLIN) 124601
830 #0 - PUNTO DE ACCESO ADICIONAL DE SERIE-TÍTULO UNIFORME
Título uniforme Creació en la dansa d'arrel
Designación de volumen o secuencia 1
9 (RLIN) 169451
908 ## - COLOCAR PARÁMETRO DE COMANDO (RLIN)
Colocar parámetro de comando URV
-- BMON
-- CDMAE
940 ## - EQUIVALENCIA O REFERENCIA-CRUZADA--TÍTULO UNIFORME [OBSOLETO] [solamente CAN/MARC]
Título uniforme <a href="URV">URV</a>
942 ## - ELEMENTOS DE ENTRADA AGREGADA (KOHA)
Fuente del sistema de clasificación o colocación Clasificación decimal universal
Tipo de ítem Koha Llibre
Fons
Estado de retiro Estado de pérdida Fuente del sistema de clasificación o colocación Estado dañado No para préstamo Localización permanente Ubicación/localización actual Ubicación en estantería Fecha de adquisición Fuente de adquisición Total de préstamos Signatura topográfica completa Código de barras Fecha visto por última vez Precio válido a partir de Tipo de ítem Koha
    Clasificación decimal universal     Biblioteca Barcelona Biblioteca Barcelona BCN Lliure Accés 07/05/2026 Donatiu   793.22(460.23) CAL 1900090115 07/05/2026 07/05/2026 Llibre

Implantat amb Koha